Statistiques concernant Histoire - Les maréchaux de France de la 2e GM - Vrai-Faux

Cliquez ici pour prendre le quiz!

Statistiques générales

  • Ce quiz a été pris 11 fois
    (6 depuis la dernière actualisation)
  • Le résultat moyen est 18 sur 60

Statistiques - réponses

QuestionRéponse% Correct
Le maréchal Leclerc a eu 5 enfants.FAUX
67%
En mai 1940, Philippe de Hauteclocque est capitaine.VRAI
67%
Leclerc contribue à libérer Paris avant de prendre la direction de l'estVRAI
67%
Deux généraux ont été élevés au maréchalat à titre posthume en 1952.VRAI
67%
En juin 1945, Leclerc est nommé en Extrême-orientVRAI
67%
Le futur maréchal de Lattre de Tassigny est né dans la même commune que Georges ClémenceauVRAI
67%
Philippe de Hauteclocque prend le pseudonyme de François Leclerc pour protéger sa famille demeurée en France.VRAI
67%
Après la 2e Guerre mondiale 3 généraux ont été fait maréchauxFAUX
50%
Le maréchal Leclerc est sorti 1er de St Cyr, promotion Metz-et-Strasbourg en 1924.FAUX
50%
L'épouse du maréchal Jean de Lattre de Tassigny est décédée en 2000FAUX
50%
A Koufra, en Libye, en 1941, il fait jurer à ses troupes de se battre jusqu'à ce que le drapeau français flotte à nouveau sur la cathédrale de ColmarFAUX
50%
Jean de Lattre de Tassigny a rejoint Londres en septembre 1941FAUX
50%
Jean de Lattre de Tassigny est le plus jeune général de France en mai 1940VRAI
50%
François Mitterrand a nommé un maréchal de FranceVRAI
50%
En 1940, Juin est fait prisonnier après avoir défendu Lille jusqu'à l'épuisement des munitions de ses hommes.VRAI
50%
En 2019, les gilets jaunes ont dégradé la stèle du maréchal Juin à ParisVRAI
50%
Jean de Lattre de Tassigny a combattu pendant la 1ère Guerre mondiale, notamment à VerdunVRAI
50%
En 1946, le général de Gaulle a refusé la dignité de maréchal de France.VRAI
50%
Le général Leclerc est mort dans un accident d'avionVRAI
50%
Le maréchal Leclerc est inhumé dans la SommeFAUX
33%
Le maréchal Koenig est enterré dans le tombeau des InvalidesFAUX
33%
Pierre Koenig rejoint la France libre en 1942.FAUX
33%
L'épouse du maréchal Juin est décédée avant lui.FAUX
33%
Le maréchal a été inhumé aux Invalides à sa mort en 1966.FAUX
33%
Le quartier du 2e Régiment Etranger de Génie à Saint-Christol est appelé "maréchal Koenig"VRAI
33%
Le futur maréchal Koenig est né en Normandie dans une famille d'origine alsacienneVRAI
33%
Philippe de Lattre de Tassigny, fils de Jean et officier, est mort au Tonkin en 1951.VRAI
33%
Après le débarquement de Provence, Jean de Lattre de Tassigny a remonté la vallée du Rhône puis gagné l'est de la France.VRAI
33%
Le futur maréchal Leclerc a étudié au collège de la Providence à Amiens qui a aussi été fréquenté par le président MacronVRAI
33%
Le dernier char de l'armée française porte le nom de char LeclercVRAI
33%
En 1951, Pierre Koenig est élu député du Bas-RhinVRAI
33%
Koenig commande les troupe française à Bir-HakeimVRAI
33%
En septembre 1944, il est le grand vainqueur de la bataille du Mont Cassin.VRAI
33%
Pierre Koenig était capitaine dans la Légion Etrangère en 1940.VRAI
33%
Le maréchal Koenig meurt 20 ans avant d'être élevé à la dignité de maréchal de France par le président MitterrandFAUX
17%
La veuve du maréchal Leclerc est décédée en 2000.FAUX
17%
Le 21 septembre 1944, il est nommé gouverneur de Paris, peu avant la libération de la capitale.FAUX
17%
Leclerc débarque en Normandie le 1er juillet 1944 avec la 2e Division Blindée.FAUX
17%
Jean de Lattre de Tassigny n'a eu que deux enfants avec son épouseFAUX
17%
Jean de Lattre de Tassigny est le seul général français de la 2e Guerre mondiale à avoir commandé des troupes anglaisesFAUX
17%
La station de métro Porte d'Italie à Paris s'appelle Porte d'Italie – Maréchal de Lattre de Tassigny.FAUX
17%
Alphonse Juin est fait maréchal de France le 8 mai 1952FAUX
17%
Jean de Lattre de Tassigny est présent lors de la signature de la capitulation allemande à Berlin en 1945VRAI
17%
Alphonse Juin est élu à l'Académie française en 1952VRAI
17%
Alphonse Juin a perdu l'usage de son bras droit en mars 1915 en Champagne, il saluait de la main gauche.VRAI
17%
Alphonse Juin est sorti 1er de St Cyr, promotion de Fès, il a pour condisciple Charles de GaulleVRAI
17%
Le père d'Alphonse Juin était gendarme.VRAI
17%
Le futur maréchal Leclerc arrive à Londres dès le 25 juillet 1940VRAI
17%
L'épouse du maréchal Koenig était décédée quand son mari est fait maréchal de FranceVRAI
17%
Libéré en juin 1941, Juin reprend du service auprès du gouvernement de Vichy? Il se rallie à la France libre le 8 novembre 1942 après le débarquement allié en Afrique du Nord.FAUX
0%
Le fils du maréchal Leclerc, prénommé Henri est mort au combat un an avant son père.FAUX
0%
Jean de Lattre de Tassigny est inhumé aux InvalidesFAUX
0%
Le futur maréchal Juin est né au MarocFAUX
0%
Le mémorial du maréchal Leclerc est porte d'Orléans à ParisVRAI
0%
Jean de Lattre de Tassigny meurt de maladie en 1952VRAI
0%
La promotion 1951-1953 de l'Ecole de St Cyr a pris le nom de de Lattre de TassignyVRAI
0%
Le 2 septembre 1945, Leclerc signe l'acte de capitulation du JaponVRAI
0%
Le maréchal Koenig est ministre de la Défense nationale à deux reprisesVRAI
0%
En avril 1945, il arrête le maréchal Pétain quand il sort de Suisse et le conduit en région parisienneVRAI
0%
Pierre Koenig n'a pas été formé à l'école de St CyrVRAI
0%

Distribution des résultats

Percentile par nombre de réponses

% des personnes avec chaque résultat

Votre développement - résultats

Vous n’avez pas pris ce quiz depuis la dernière actualisation